[Event "WYCC U16 Open 2013"]
[Site "Al-Ain UAE"]
[Date "2013.12.26"]
[Round "9.63"]
[White "Lopez Popov, Ivan"]
[Black "Bezuidenhout, Roland"]
[Result "0-1"]
[BlackTitle "CM"]
[WhiteElo "1735"]
[BlackElo "2037"]
[WhiteFideId "4002083"]
[BlackFideId "14304562"]
[EventDate "2013.12.18"]

1. e4 c5 2. Nf3 e6 3. c3 d5 4. exd5 Qxd5 5. d4 cxd4 6. Qxd4 Nf6 7. Bc4 Qh5 8.
Bf4 Nc6 9. Qd3 Be7 10. Nbd2 O-O 11. Qe2 Qf5 12. Bg3 Rd8 13. O-O a6 14. Nb3 b5
15. Nh4 Qg5 16. Bd3 Bb7 17. Nf3 Qh6 18. Bc7 Rd7 19. Bb6 Nd5 20. Be3 Nxe3 21.
fxe3 Bd6 22. h3 e5 23. Nfd2 Ne7 24. Ne4 Bxe4 25. Bxe4 Rad8 26. Na5 Bc5 27. Rae1
Bb6 28. Nb3 Qe6 29. Qf3 a5 30. Kh1 g6 31. Qf6 Rd6 32. Qxe6 Rxe6 33. Bf3 Nf5 34.
Bg4 Ng3+ 35. Kg1 Nxf1 36. Kxf1 Red6 37. e4 a4 38. Nc1 Rd2 39. Re2 Rd1+ 40. Re1
Rxe1+ 41. Kxe1 Be3 42. Nd3 Rxd3 43. Ke2 Rd2+ 44. Kxe3 Rxb2 45. a3 Rb3 46. Kd3
Rxa3 47. Bd7 b4 48. Kd2 bxc3+ 49. Kc2 Ra2+ 50. Kxc3 Rxg2 51. Bxa4 Rg3+ 52. Kc4
Rxh3 53. Kd5 Ra3 54. Bc6 f6 55. Ke6 Ra6 56. Kd7 Rxc6 0-1

[Event "WYCC U16 Open 2013"]
[Site "Al-Ain UAE"]
[Date "2013.12.26"]
[Round "9.64"]
[White "Plotkin, Mark"]
[Black "Rimawy, Hosam"]
[Result "1-0"]
[WhiteElo "1992"]
[BlackElo "1781"]
[WhiteFideId "2611651"]
[BlackFideId "8103798"]
[EventDate "2013.12.18"]

1. e4 c6 2. c4 e6 3. d4 d5 4. Nc3 Nf6 5. cxd5 exd5 6. e5 Ne4 7. Bd3 f5 8. Nge2
Bb4 9. O-O Qa5 10. Nf4 O-O 11. Nce2 Na6 12. Nh5 Nc7 13. a3 Be7 14. b4 Bxb4 15.
axb4 Qxa1 16. Qb3 b5 17. Bxe4 fxe4 18. Ba3 Qxf1+ 19. Kxf1 Bg4 20. Nef4 Rf5 21.
Qc3 Bxh5 22. Nxh5 Raf8 23. Ng3 Rxf2+ 24. Kg1 h5 25. h4 Ra2 26. Bb2 Ra6 27. Nxh5
Ne6 28. Qh3 Re8 29. Qg4 Kf7 30. Qf5+ Ke7 31. Nxg7 Nxg7 32. Qf6+ Kd7 33. Qxg7+
Re7 34. Qg4+ Kd8 35. Bc1 Ra1 36. Qg5 a5 37. bxa5 b4 38. Kh2 c5 39. Qg8+ Kd7 40.
Bg5 e3 41. Bxe7 e2 42. e6+ Kc6 43. Qe8+ Kb7 44. Qb5+ 1-0

[Event "WYCC U16 Open 2013"]
[Site "Al-Ain UAE"]
[Date "2013.12.26"]
[Round "9.65"]
[White "Shavdirov, Jahongir"]
[Black "Hamawi, Karim"]
[Result "1-0"]
[WhiteElo "1922"]
[BlackElo "1640"]
[WhiteFideId "14204193"]
[BlackFideId "5303621"]
[EventDate "2013.12.18"]

1. Nf3 Nf6 2. c4 g6 3. Nc3 Bg7 4. g3 O-O 5. Bg2 c6 6. O-O d6 7. d4 Nbd7 8. e4 e5
9. Re1 Qc7 10. h3 Re8 11. Be3 exd4 12. Nxd4 Nc5 13. Qc2 a5 14. Rad1 Qe7 15. b3
h6 16. Bf4 Rd8 17. Qd2 Kh7 18. Nf3 Nfxe4 19. Nxe4 Nxe4 20. Rxe4 Qxe4 21. Ng5+
hxg5 22. Bxe4 gxf4 23. Qxf4 1-0

[Event "WYCC U16 Open 2013"]
[Site "Al-Ain UAE"]
[Date "2013.12.26"]
[Round "9.66"]
[White "Karunarathna, Chathupa Induwara"]
[Black "Ouaret, Abdelouhab"]
[Result "1-0"]
[BlackTitle "FM"]
[WhiteElo "1734"]
[BlackElo "1868"]
[WhiteFideId "9904727"]
[BlackFideId "7903944"]
[EventDate "2013.12.18"]

1. d4 d5 2. e3 Nf6 3. Bd3 e6 4. f4 c5 5. c3 Nc6 6. Nf3 Qb6 7. Nbd2 Bd7 8. O-O
Rc8 9. Ne5 cxd4 10. exd4 g6 11. Qe1 Bg7 12. Rf3 Rd8 13. Kh1 Ne7 14. Rh3 Bb5 15.
Bc2 Nd7 16. a4 Bc6 17. b4 a6 18. Ba3 Qc7 19. Ndf3 Nxe5 20. fxe5 h5 21. Qh4 Nf5
22. Bxf5 exf5 23. b5 axb5 24. e6 fxe6 25. Re1 Kd7 26. Qe7+ Kc8 27. Qxe6+ Bd7 28.
Qxg6 Bf8 29. Bxf8 Rhxf8 30. axb5 Rg8 31. Qh6 Qxc3 32. Rc1 1-0

[Event "WYCC U16 Open 2013"]
[Site "Al-Ain UAE"]
[Date "2013.12.26"]
[Round "9.67"]
[White "Cop, Jaka"]
[Black "Motovilnik, Jurij"]
[Result "0-1"]
[WhiteElo "1722"]
[BlackElo "1860"]
[WhiteFideId "14608383"]
[BlackFideId "13507273"]
[EventDate "2013.12.18"]

1. e4 c5 2. Nc3 Nc6 3. g3 b6 4. Bg2 Bb7 5. d3 d6 6. Be3 Nf6 7. h3 e6 8. Nge2 Be7
9. O-O O-O 10. f4 d5 11. exd5 exd5 12. d4 cxd4 13. Bxd4 Nxd4 14. Nxd4 Ne4 15.
Kh2 Nxc3 16. bxc3 Rc8 17. Qd2 Bf6 18. Rad1 Qc7 19. Rf3 Rfd8 20. Bf1 a6 21. Rb1
Qc5 22. Rb2 Rc7 23. g4 Rdc8 24. g5 Bxd4 25. cxd4 Qxc2 26. Rf2 Qxd2 27. Rfxd2 b5
28. Bd3 Re8 29. Kg2 Re3 30. Re2 Rxe2+ 31. Rxe2 Kf8 32. Rc2 Rxc2+ 33. Bxc2 a5 34.
Kf2 h6 35. h4 f6 36. Kf3 Ke7 37. Kg4 Bc8+ 38. Kh5 hxg5 39. hxg5 fxg5 40. Kxg5
Bh3 41. Kg6 Kf8 42. a4 b4 43. Bb3 Bf1 44. Bc2 Bc4 45. Bb1 Bb3 0-1

[Event "WYCC U16 Open 2013"]
[Site "Al-Ain UAE"]
[Date "2013.12.26"]
[Round "9.71"]
[White "Alasgarov, Alasgar Habil"]
[Black "Abbas, Hussein kzar"]
[Result "0-1"]
[WhiteElo "1638"]
[BlackElo "1754"]
[WhiteFideId "13405675"]
[BlackFideId "4804937"]
[EventDate "2013.12.18"]

1. e4 d6 2. d4 Nf6 3. Bd3 g6 4. c4 Bg7 5. h3 O-O 6. Ne2 e5 7. d5 a5 8. Nbc3 Na6
9. Be3 Nd7 10. a3 Ndc5 11. Bc2 Bd7 12. O-O f5 13. f3 f4 14. Bf2 g5 15. Rb1 b6
16. b4 Nb7 17. Na4 Rb8 18. Bd3 Qe8 19. Nec3 Ra8 20. Nb5 h5 21. Qe2 g4 22. fxg4
hxg4 23. hxg4 Qg6 24. Bxb6 cxb6 25. Nxb6 Bxg4 26. Qf2 Rad8 27. Nxd6 Nxd6 28. c5
Nxe4 29. Qa2 Kh8 30. Bxa6 Nc3 31. Qb2 e4 32. Qf2 Nxb1 33. Rxb1 e3 34. Qh4+ Bh5
35. Re1 f3 36. g4 f2+ 37. Kf1 fxe1=Q+ 38. Kxe1 Qb1+ 39. Ke2 Qc2+ 40. Kxe3 Rde8+ 0-1

[Event "WYCC U16 Open 2013"]
[Site "Al-Ain UAE"]
[Date "2013.12.26"]
[Round "9.74"]
[White "Samuel, Ngieng Chew Sheng"]
[Black "Choi, Ian"]
[Result "0-1"]
[WhiteElo "1580"]
[BlackElo "1655"]
[WhiteFideId "5713978"]
[BlackFideId "13201379"]
[EventDate "2013.12.18"]

1. e4 e6 2. d4 d5 3. Nc3 Bb4 4. exd5 exd5 5. Bd3 c6 6. Bd2 Ne7 7. Nce2 Bd6 8.
Bf4 Bxf4 9. Nxf4 Qb6 10. Nge2 Qxb2 11. Qc1 Qxc1+ 12. Rxc1 Bg4 13. f3 Bf5 14.
Bxf5 Nxf5 15. c3 O-O 16. Ng3 Re8+ 17. Kf2 Nxg3 18. hxg3 Nd7 19. Nh3 Re7 20. Rce1
Rae8 21. Nf4 Nb6 22. Rxe7 Rxe7 23. Re1 Rxe1 24. Kxe1 Nc4 25. Ke2 Kf8 26. Nd3 Ke7
27. g4 b6 28. g3 a5 29. Kd1 Kd6 30. Ke2 c5 31. Kd1 cxd4 32. cxd4 f5 33. g5 Ne3+
34. Kc1 Nf1 35. g4 fxg4 36. fxg4 Ng3 37. Nf4 Ne4 38. g6 hxg6 0-1

[Event "WYCC U16 Open 2013"]
[Site "Al-Ain UAE"]
[Date "2013.12.27"]
[Round "10.1"]
[White "Alekseenko, Kirill"]
[Black "Karthikeyan, Murali"]
[Result "0-1"]
[WhiteTitle "FM"]
[BlackTitle "IM"]
[WhiteElo "2445"]
[BlackElo "2431"]
[WhiteFideId "4135539"]
[BlackFideId "5074452"]
[EventDate "2013.12.18"]

1. e4 c5 2. Nf3 e6 3. d4 cxd4 4. Nxd4 a6 5. Nc3 Qc7 6. Be2 Nf6 7. O-O Bb4 8. Bg5
Be7 9. f4 d6 10. f5 O-O 11. Kh1 Nc6 12. fxe6 fxe6 13. Bc4 Nxd4 14. Qxd4 Bd7 15.
Bb3 Kh8 16. Rae1 Rad8 17. Rf3 Bc8 18. Ref1 Ng4 19. Rxf8+ Rxf8 20. Rxf8+ Bxf8 21.
h3 Ne5 22. Nd5 Qf7 23. Nb6 Bd7 24. Nxd7 Nxd7 25. Bc4 Nc5 26. Qe3 Be7 27. Bf4 b5
28. Be2 e5 29. Bg3 Qxa2 30. b4 Qb1+ 31. Kh2 Qxb4 32. Qf3 Qa5 33. Qf7 Qd8 34. Qd5
Qf8 35. Kg1 Bf6 36. Qc6 h6 37. Bf2 Bg5 38. Bxc5 dxc5 39. Qxa6 c4 40. Bf3 Qc5+
41. Kh1 b4 42. Be2 c3 43. Bc4 Qf8 44. Qe6 b3 0-1

[Event "WYCC U16 Open 2013"]
[Site "Al-Ain UAE"]
[Date "2013.12.27"]
[Round "10.2"]
[White "Wang, Yiye"]
[Black "Girish, A. Koushik"]
[Result "0-1"]
[BlackTitle "FM"]
[WhiteElo "2408"]
[BlackElo "2413"]
[WhiteFideId "8606021"]
[BlackFideId "5038448"]
[EventDate "2013.12.18"]

1. e4 e5 2. Nf3 Nc6 3. d4 exd4 4. Bc4 Nf6 5. e5 d5 6. Bb5 Ne4 7. Nxd4 Bd7 8.
Bxc6 bxc6 9. O-O Bc5 10. f3 Ng5 11. Kh1 O-O 12. Nb3 Bb6 13. a4 a5 14. Nc3 Ne6
15. f4 f5 16. Ne2 Qe7 17. Nbd4 c5 18. Nxe6 Qxe6 19. b3 Bc6 20. Ba3 Rad8 21. Qd2
d4 22. Ng1 Rfe8 23. Nf3 c4 24. Ng5 Qd5 25. bxc4 Qxc4 26. e6 d3 27. e7 Rd7 28.
cxd3 Rxd3 29. Qe2 h6 30. Rac1 Qd5 31. Rcd1 Re3 32. Qc2 Qxg2+ 33. Qxg2 Bxg2+ 34.
Kxg2 hxg5 35. Rf3 gxf4 36. Rxe3 fxe3 37. Kf3 Kf7 38. Rd7 c5 39. Kxe3 Rxe7+ 40.
Rxe7+ Kxe7 41. Kd3 Ke6 42. Kc4 f4 43. Bc1 f3 44. Be3 g6 45. h3 Ba7 46. Bf2 Kf5
47. Kc3 Ke4 48. Kc2 Bb6 49. Kc3 Bc7 50. Kd2 Bf4+ 0-1

[Event "WYCC U16 Open 2013"]
[Site "Al-Ain UAE"]
[Date "2013.12.27"]
[Round "10.3"]
[White "Dastan, Muhammed Batuhan"]
[Black "Mosadeghpour, Masoud"]
[Result "1-0"]
[WhiteTitle "IM"]
[WhiteElo "2409"]
[BlackElo "2230"]
[WhiteFideId "6300014"]
[BlackFideId "12519278"]
[EventDate "2013.12.18"]

1. e4 e5 2. Nf3 Nf6 3. d4 Nxe4 4. dxe5 d5 5. Nbd2 Be7 6. Nxe4 dxe4 7. Qxd8+ Bxd8
8. Nd4 O-O 9. Bf4 Nc6 10. Nxc6 bxc6 11. O-O-O Be7 12. Be3 Re8 13. Be2 Bf8 14. f4
Be6 15. g4 Bxa2 16. Rd7 Be6 17. Rxc7 Rec8 18. Rxc8 Bxc8 19. Rd1 c5 20. Rd8 Bb7
21. Rd7 Bc6 22. Rc7 Be8 23. Bc4 a5 24. f5 a4 25. Bd5 Rd8 26. c4 Rb8 27. Bxe4 1-0

[Event "WYCC U16 Open 2013"]
[Site "Al-Ain UAE"]
[Date "2013.12.27"]
[Round "10.4"]
[White "Salomon, Johan"]
[Black "Duda, Jan-Krzysztof"]
[Result "1/2-1/2"]
[BlackTitle "GM"]
[WhiteElo "2269"]
[BlackElo "2557"]
[WhiteFideId "1509500"]
[BlackFideId "1170546"]
[EventDate "2013.12.18"]

1. e4 c5 2. Nf3 d6 3. d4 cxd4 4. Qxd4 a6 5. h3 Nc6 6. Qe3 Nf6 7. Be2 g6 8. c4
Bg7 9. O-O O-O 10. Nc3 Nd7 11. b3 Nde5 12. Nxe5 Bxe5 13. Bb2 Bd4 14. Qd2 e5 15.
Rad1 Be6 16. Bd3 Qh4 17. Ne2 Bc5 18. Bb1 b5 19. cxb5 axb5 20. Qd3 Nb4 21. Qd2
Nxa2 22. Bxa2 Rxa2 23. b4 Bb6 24. Nc3 Bxh3 25. gxh3 Qg3+ 26. Kh1 Qxh3+ 27. Kg1
Qg3+ 28. Kh1 Qh3+ 29. Kg1 Rxb2 30. Qxb2 Qg3+ 31. Kh1 Qh3+ 32. Kg1 f5 33. Rxd6
Qg3+ 34. Kh1 Qh3+ 35. Kg1 Qg4+ 36. Kh2 Qh4+ 37. Kg1 fxe4 38. Qb3+ Kg7 39. Nxe4
Qxe4 40. Rxb6 Rf3 41. Qe6 Rf5 42. f4 Kh6 43. Qe7 Qd4+ 44. Kg2 Qd5+ 45. Kg1 Qd4+
46. Kg2 Qd2+ 47. Rf2 Qd5+ 48. Kg1 Qd1+ 49. Kg2 Qg4+ 50. Kf1 Qd1+ 51. Kg2 Qg4+
52. Kf1 Qd1+ 1/2-1/2

[Event "WYCC U16 Open 2013"]
[Site "Al-Ain UAE"]
[Date "2013.12.27"]
[Round "10.5"]
[White "Bluebaum, Matthias"]
[Black "Akhmetov, Ayan"]
[Result "0-1"]
[WhiteTitle "IM"]
[WhiteElo "2529"]
[BlackElo "2382"]
[WhiteFideId "24651516"]
[BlackFideId "13703706"]
[EventDate "2013.12.18"]

1. d4 Nf6 2. c4 c5 3. d5 e6 4. Nc3 exd5 5. cxd5 Bd6 6. e4 O-O 7. Nf3 Re8 8. Bd3
Bc7 9. O-O a6 10. a4 d6 11. h3 Nbd7 12. Bf4 Nf8 13. Nd2 Ng6 14. Bh2 Rb8 15. f4
Bd7 16. a5 Bxa5 17. Rxa5 Qxa5 18. Nc4 Qd8 19. Nxd6 Bg4 20. hxg4 Qxd6 21. e5 Qb6
22. Na4 Qb4 23. exf6 b5 24. f5 Ne5 25. Bc2 Rbd8 26. Rf4 Nc4 27. Nc3 Qxb2 28.
Rxc4 bxc4 29. Qd2 gxf6 30. g5 Kh8 31. gxf6 Rg8 32. Bc7 Rd7 33. Bf4 Rdd8 34. Bh6
Rg3 35. Ne4 Rg4 36. Qe2 Qd4+ 37. Kf1 Rh4 38. Bg7+ Kg8 39. Qf3 Re8 40. Bh6 Rh1+
41. Ke2 Rxe4+ 42. Qxe4 Qxe4+ 43. Bxe4 Rxh6 44. Kd2 Rxf6 45. Kc3 Rb6 46. Bf3 Rb4
47. f6 Kf8 48. d6 Ke8 49. Bc6+ Kd8 50. Bd5 Rb6 51. Bxf7 Rxd6 52. Bg8 h5 53. Kxc4
Rxf6 54. Kxc5 Rg6 55. Bd5 Rg5 0-1

[Event "WYCC U16 Open 2013"]
[Site "Al-Ain UAE"]
[Date "2013.12.27"]
[Round "10.6"]
[White "Popov, Kirill"]
[Black "Paravyan, David"]
[Result "1/2-1/2"]
[BlackTitle "IM"]
[WhiteElo "2158"]
[BlackElo "2441"]
[WhiteFideId "24157457"]
[BlackFideId "4194985"]
[EventDate "2013.12.18"]

1. e4 d6 2. d4 Nf6 3. Nc3 g6 4. f3 c6 5. Be3 b5 6. Qd2 Nbd7 7. g4 Nb6 8. b3 h5
9. g5 Nfd7 10. f4 Bg7 11. Nf3 Bb7 12. Nh4 b4 13. Ne2 c5 14. Bg2 cxd4 15. Bxd4 e5
16. Bb2 Nc5 17. Ng3 Ne6 18. f5 Nxg5 19. fxg6 fxg6 20. Qe2 Nf7 21. Qb5+ Qd7 22.
Qxd7+ Nxd7 23. Nxg6 Rh6 24. Nh4 Bf6 25. Nhf5 Rh8 26. h4 O-O-O 27. a3 a5 28. axb4
axb4 29. Ra4 Nc5 30. Rxb4 Kc7 31. Rc4 Kb6 32. Bc1 Ba6 33. Rc3 Ne6 34. Bf1 Nf4
35. Bxa6 Kxa6 36. Rc7 Nh6 37. Be3 Ng4 38. Kd2 Nxe3 39. Nxe3 Kb6 40. Rf7 Rdf8 41.
Rxf8 Rxf8 42. Ne2 Kc6 43. Nc3 Bd8 44. Ncd5 Nxd5 45. Nxd5 Rf2+ 46. Kd3 Rf3+ 47.
Ke2 Rg3 48. Ne3 Bb6 49. Nf5 Rg4 1/2-1/2

[Event "WYCC U16 Open 2013"]
[Site "Al-Ain UAE"]
[Date "2013.12.27"]
[Round "10.7"]
[White "Azarya, Jodi Setyaki"]
[Black "Vavulin, Maksim"]
[Result "1-0"]
[WhiteTitle "CM"]
[WhiteElo "2112"]
[BlackElo "2410"]
[WhiteFideId "7101589"]
[BlackFideId "4169530"]
[EventDate "2013.12.18"]

1. e4 c5 2. Nf3 Nc6 3. d4 cxd4 4. Nxd4 Qb6 5. Nb3 Nf6 6. Nc3 e6 7. Qe2 d6 8. Be3
Qc7 9. g4 a6 10. g5 Nd7 11. O-O-O b5 12. f4 Nb6 13. Qf2 Rb8 14. Kb1 Bd7 15. Bd3
b4 16. Ne2 a5 17. Nbd4 a4 18. Rhf1 Qb7 19. e5 Nd5 20. Nxc6 Bxc6 21. Bd4 b3 22.
cxb3 Nb4 23. Nc3 dxe5 24. Bxe5 Rd8 25. Bc2 Ra8 26. bxa4 Nd5 27. Nxd5 Bxd5 28.
Qd4 Rc8 29. Bxg7 Rc4 30. Bxh8 Rxd4 31. Bxd4 Qb4 32. Bc3 Qb7 33. f5 Bb4 34. Bf6
Be7 35. fxe6 fxe6 36. Bxh7 Bxf6 37. Bg6+ Kf8 38. Rxf6+ Kg8 39. Bf7+ Kg7 40. Bxe6
Bxe6 41. Rxe6 1-0

[Event "WYCC U16 Open 2013"]
[Site "Al-Ain UAE"]
[Date "2013.12.27"]
[Round "10.8"]
[White "Tran, Tuan Minh"]
[Black "Wagner, Dennis"]
[Result "1-0"]
[WhiteTitle "FM"]
[BlackTitle "IM"]
[WhiteElo "2330"]
[BlackElo "2467"]
[WhiteFideId "12401820"]
[BlackFideId "24650684"]
[EventDate "2013.12.18"]

1. d4 Nf6 2. Nc3 d5 3. Bg5 Nbd7 4. Nf3 g6 5. Qd2 Ne4 6. Nxe4 dxe4 7. Ng1 h6 8.
Bf4 Bg7 9. O-O-O Nb6 10. e3 Be6 11. Ne2 c5 12. Qa5 Rc8 13. Nc3 cxd4 14. Be5 Bxe5
15. Qxe5 O-O 16. Rxd4 Nd7 17. Qxe4 Rxc3 18. bxc3 Qa5 19. Kd2 Nc5 20. Qh4 Qxa2
21. Bd3 Nb3+ 22. Ke2 Nxd4+ 23. exd4 Bc4 24. Ke3 Rc8 25. Qh3 Rc6 26. Bxc4 Rxc4
27. Kd2 b5 28. Qd3 Qa3 29. h4 Qd6 30. h5 g5 31. Re1 Qf6 32. f3 e6 33. g3 a6 34.
Re4 Qf5 35. g4 Qd5 36. Re5 Qc6 37. Re3 a5 38. Qe4 Qc8 39. f4 gxf4 40. Qxf4 Qf8
41. g5 b4 42. gxh6 Rxc3 43. Rxe6 Rxc2+ 44. Kxc2 Qc8+ 45. Kb1 Qxe6 46. Qg5+ Kf8
47. Qd8+ 1-0

[Event "WYCC U16 Open 2013"]
[Site "Al-Ain UAE"]
[Date "2013.12.27"]
[Round "10.9"]
[White "Sanal, Vahap"]
[Black "Stathopoulos, Ioannis"]
[Result "1-0"]
[WhiteTitle "IM"]
[BlackTitle "FM"]
[WhiteElo "2397"]
[BlackElo "2297"]
[WhiteFideId "6300545"]
[BlackFideId "4223098"]
[EventDate "2013.12.18"]

1. e4 c5 2. Nf3 d6 3. d4 cxd4 4. Nxd4 Nf6 5. Nc3 a6 6. Bg5 Nbd7 7. Bc4 Qb6 8.
Bb3 e6 9. Qd2 Be7 10. f3 Nc5 11. O-O-O Qc7 12. g4 b5 13. Be3 Nfd7 14. Kb1 Rb8
15. Bg5 Nf6 16. a3 O-O 17. h4 Bd7 18. h5 Qd8 19. Be3 a5 20. g5 Ne8 21. g6 b4 22.
axb4 Rxb4 23. Qh2 h6 24. Nc6 Bxc6 25. Bxc5 Rxb3 26. cxb3 fxg6 27. Qe2 Qb8 28.
Qc4 Qc8 29. Bd4 g5 30. Rd3 Rf4 31. Ka1 Qd7 32. Be5 Rh4 33. Rh2 Nc7 34. Bg3 Rxh2
35. Bxh2 Nb5 36. Rd1 Nxc3 37. Qxc3 a4 38. b4 Bb5 39. Be5 Bf8 40. Bxd6 Be2 41.
Rd2 Bxd6 42. e5 Bxe5 43. Rxd7 Bxc3 44. bxc3 g6 45. hxg6 h5 46. Rh7 h4 47. Kb2 e5
48. Ka3 Bxf3 49. b5 e4 50. b6 e3 51. b7 Bxb7 52. Rxb7 h3 53. c4 h2 54. Rb1 g4
55. c5 g3 56. c6 g2 57. c7 h1=Q 58. c8=Q+ Kg7 59. Qb7+ 1-0

[Event "WYCC U16 Open 2013"]
[Site "Al-Ain UAE"]
[Date "2013.12.27"]
[Round "10.10"]
[White "Vorontsov, Pavlo"]
[Black "Brown, Michael William"]
[Result "0-1"]
[WhiteTitle "FM"]
[WhiteElo "2392"]
[BlackElo "2272"]
[WhiteFideId "14116367"]
[BlackFideId "2037602"]
[EventDate "2013.12.18"]

1. e4 e5 2. Nf3 Nc6 3. Bb5 a6 4. Ba4 Nf6 5. d3 b5 6. Bb3 Be7 7. O-O d6 8. a4 b4
9. Nbd2 O-O 10. a5 Be6 11. Bxe6 fxe6 12. c3 Rb8 13. Nc4 Rb5 14. Re1 Nd7 15. d4
Bf6 16. dxe5 Ndxe5 17. Ncxe5 Bxe5 18. cxb4 Rxb4 19. Ra3 Bf6 20. Qc2 Qd7 21. Rd3
Rb5 22. Qd1 Rxa5 23. g3 Rb5 24. b3 Qf7 25. Kg2 Nb4 26. Rde3 Bg5 27. Rc3 Na2 28.
Rc2 Nxc1 29. Nxg5 Rxg5 30. Qxc1 Rc5 31. f4 Rxc2+ 32. Qxc2 Rb8 33. Rc1 c5 34. Rd1
Rb6 35. e5 Qb7+ 36. Kh3 Qc7 37. b4 dxe5 38. bxc5 Rc6 39. Qa4 h6 40. fxe5 Rxc5
41. Qe8+ Kh7 42. Rd8 Rxe5 43. Ra8 a5 44. Kh4 Qc4+ 45. g4 Qf4 46. Qg8+ Kg6 47.
Qe8+ Qf7 48. Qxf7+ Kxf7 49. Kg3 Rb5 50. h4 Rb3+ 51. Kf4 Rb4+ 0-1

[Event "WYCC U16 Open 2013"]
[Site "Al-Ain UAE"]
[Date "2013.12.27"]
[Round "10.11"]
[White "Petrosyan, Manuel"]
[Black "Harutyunian, Tigran K."]
[Result "0-1"]
[WhiteTitle "CM"]
[BlackTitle "FM"]
[WhiteElo "2294"]
[BlackElo "2390"]
[WhiteFideId "13300857"]
[BlackFideId "13303635"]
[EventDate "2013.12.18"]

1. c4 Nf6 2. Nc3 c5 3. Nf3 e6 4. e3 Nc6 5. d4 d5 6. a3 a6 7. cxd5 exd5 8. Be2 c4
9. Ne5 Bd6 10. f4 Na5 11. O-O Nb3 12. Ra2 b5 13. Bd2 Bb7 14. Be1 Qc7 15. Qc2 O-O
16. Bf3 Rfe8 17. g4 Kh8 18. g5 Ne4 19. Nxd5 Bxd5 20. Bxe4 Bxe4 21. Qxe4 f6 22.
Rf3 fxe5 23. Rh3 g6 24. dxe5 Qd7 25. Rh4 Bc5 26. Bc3 Kg8 27. Rh6 Qd3 0-1

[Event "WYCC U16 Open 2013"]
[Site "Al-Ain UAE"]
[Date "2013.12.27"]
[Round "10.12"]
[White "Bodek, Michael H"]
[Black "Toma, Radu-Cristian"]
[Result "1-0"]
[WhiteTitle "FM"]
[WhiteElo "2382"]
[BlackElo "2245"]
[WhiteFideId "2043858"]
[BlackFideId "1217992"]
[EventDate "2013.12.18"]

1. e4 c5 2. Nf3 Nc6 3. Nc3 g6 4. d4 cxd4 5. Nxd4 Bg7 6. Be3 Nf6 7. Bc4 Qa5 8.
O-O O-O 9. Bb3 d6 10. h3 Bd7 11. Re1 Rac8 12. Qe2 Nxd4 13. Bxd4 Bc6 14. Rad1 Nd7
15. Nd5 Bxd5 16. exd5 Rfe8 17. c3 Rc7 18. Bxg7 Kxg7 19. Rd4 Qc5 20. Rc4 Qa5 21.
Ba4 Rec8 22. Bxd7 Rxc4 23. Bxc8 Rxc8 24. Qd2 Rc7 25. a3 Qa4 26. Qd3 Qf4 27. Re3
h5 28. g3 Qf6 29. Rf3 Qe5 30. Re3 Qf6 31. Qe4 b5 32. Kg2 a5 33. a4 Rb7 34. axb5
Rxb5 35. Re2 Rc5 36. h4 Kf8 37. Kg1 Kg7 38. Kg2 Kf8 39. c4 Rc7 40. b3 Rb7 41.
Re3 Kg7 42. Rf3 Qb2 43. Qf4 f6 44. Qe4 Qe5 45. Qd3 Qb2 46. Re3 f5 47. c5 dxc5
48. Qa6 Rxb3 49. Rxe7+ Kh6 50. Qa7 Qh8 51. Qc7 Rb4 52. d6 Rb2 53. Kh3 Rxf2 54.
d7 Qa8 55. Rh7+ 1-0

[Event "WYCC U16 Open 2013"]
[Site "Al-Ain UAE"]
[Date "2013.12.27"]
[Round "10.13"]
[White "Asgarizadeh, Ahmad"]
[Black "Das, Sayantan"]
[Result "1-0"]
[BlackTitle "IM"]
[WhiteElo "2267"]
[BlackElo "2377"]
[WhiteFideId "12505684"]
[BlackFideId "5034426"]
[EventDate "2013.12.18"]

1. e4 d6 2. d4 g6 3. Nc3 a6 4. f4 Bg7 5. Nf3 Nd7 6. Bd3 b5 7. O-O Bb7 8. e5 c5
9. Be4 Bxe4 10. Nxe4 cxd4 11. exd6 Qb6 12. Qe1 e6 13. a4 b4 14. a5 Qa7 15. Ra4
Rb8 16. Bd2 b3 17. cxb3 Nh6 18. Ne5 O-O 19. Nc6 Qa8 20. Nxb8 Rxb8 21. Rb4 Rd8
22. Qe2 Nf6 23. Nxf6+ Bxf6 24. Rb6 Rc8 25. Qd3 Qd5 26. Qxa6 Rc2 27. Qd3 Rxb2 28.
a6 Ra2 29. Qb5 Qxb5 30. Rxb5 d3 31. Ra5 Bd4+ 32. Kh1 Rxa5 33. Bxa5 Ng4 34. h3
Nf6 35. Rd1 Ne4 36. d7 Bf6 37. a7 1-0

[Event "WYCC U16 Open 2013"]
[Site "Al-Ain UAE"]
[Date "2013.12.27"]
[Round "10.14"]
[White "Wang, Richard"]
[Black "Kumsiashvili, Nikoloz"]
[Result "1-0"]
[WhiteTitle "IM"]
[WhiteElo "2362"]
[BlackElo "2126"]
[WhiteFideId "2608243"]
[BlackFideId "13600621"]
[EventDate "2013.12.18"]

1. d4 Nf6 2. c4 e6 3. g3 Bb4+ 4. Bd2 Bxd2+ 5. Qxd2 d5 6. Nf3 Nbd7 7. Bg2 c6 8.
Ne5 Nxe5 9. dxe5 Nd7 10. f4 f6 11. exf6 Nxf6 12. Qc3 O-O 13. Nd2 Qb6 14. c5 Qc7
15. O-O Re8 16. e4 e5 17. f5 b6 18. Rac1 Ba6 19. Rfe1 Rac8 20. Qa3 Bb5 21. Qb3
bxc5 22. exd5 c4 23. Nxc4 cxd5 24. Bxd5+ Nxd5 25. Qxb5 Qc5+ 26. Qxc5 Rxc5 27. b3
Nb4 28. Re2 e4 29. Rce1 Rf8 30. Rxe4 Rcxf5 31. Nd6 Rd5 32. Rxb4 Rxd6 33. Rb7 a6
34. Ree7 Rg6 35. Kg2 h5 36. Re4 Rd8 37. Rbe7 Rd2+ 38. Re2 Rgd6 39. Kf2 Rd1 40.
R7e6 Kf7 41. Rxd6 Rxd6 42. Ke3 g5 43. Rd2 Re6+ 44. Kd4 Rd6+ 45. Kc3 Rf6 46. Kb4
Ke6 47. Ka5 Ke5 48. a4 Ke4 49. b4 Ke3 50. Rb2 Kd4 51. b5 axb5 52. axb5 Rf1 53.
b6 Kc5 54. Rc2+ Kd6 55. b7 Ra1+ 56. Kb6 Rb1+ 57. Ka7 Ra1+ 58. Kb8 Kd7 59. Rd2+
Ke7 60. Rd5 h4 61. Kc7 1-0

[Event "WYCC U16 Open 2013"]
[Site "Al-Ain UAE"]
[Date "2013.12.27"]
[Round "10.15"]
[White "Sibashvili, Giorgi"]
[Black "Saiyn, Zhanat"]
[Result "0-1"]
[BlackTitle "FM"]
[WhiteElo "2173"]
[BlackElo "2360"]
[WhiteFideId "13602799"]
[BlackFideId "13703820"]
[EventDate "2013.12.18"]

1. d4 Nf6 2. c4 e6 3. Nc3 Bb4 4. e3 O-O 5. Bd3 d5 6. Nf3 c5 7. O-O dxc4 8. Bxc4
Bd7 9. a3 Ba5 10. Qd3 Bc6 11. Ne5 Nbd7 12. Nxc6 bxc6 13. Rd1 Qe7 14. Ba2 Rfd8
15. Qa6 Bb6 16. Qe2 Nd5 17. Na4 cxd4 18. Nxb6 axb6 19. Rxd4 e5 20. Rc4 c5 21.
Rc2 N7f6 22. e4 Nc7 23. f3 b5 24. Bd2 c4 25. Bb4 Qd7 26. Rd2 Qc6 27. Rad1 Rxd2
28. Qxd2 Qb7 29. Bc3 0-1

[Event "WYCC U16 Open 2013"]
[Site "Al-Ain UAE"]
[Date "2013.12.27"]
[Round "10.16"]
[White "Lampert, Jonas"]
[Black "Khodashenas, Mersad"]
[Result "1-0"]
[WhiteElo "2378"]
[BlackElo "2182"]
[WhiteFideId "1303759"]
[BlackFideId "12514195"]
[EventDate "2013.12.18"]

1. d4 Nf6 2. c4 e6 3. Nc3 Bb4 4. Nf3 b6 5. Qb3 a5 6. e3 O-O 7. Be2 Bb7 8. O-O
Re8 9. Qc2 Bxc3 10. Qxc3 d6 11. b3 Nbd7 12. Bb2 Ne4 13. Qc2 f5 14. Rad1 Qe7 15.
d5 e5 16. Nd2 Nxd2 17. Rxd2 Rf8 18. a3 Bc8 19. b4 axb4 20. axb4 f4 21. exf4 Rxf4
22. g3 Rf7 23. Bd3 Nf8 24. f4 exf4 25. Re2 Qg5 26. Re8 Bb7 27. Bxh7+ Kh8 28. Qg6
Qxg6 29. Bxg6 Rxe8 30. Bxf7 Re2 31. Bd4 c5 32. dxc6 Bxc6 33. Rxf4 Rg2+ 34. Kf1
Rxh2 35. Rg4 Rh7 36. Bxb6 Nd7 37. Bd4 Nf6 38. Bxf6 Rh1+ 39. Kf2 gxf6 40. Rh4+
Rxh4 41. gxh4 Kg7 42. Bd5 1-0